| 000 | 00000nam##2200000za#4500 |
| 001 | 9.697501 |
| 003 | CaOODSP |
| 005 | 20210624235517 |
| 007 | cr ||||||||||| |
| 008 | 150407|2011||||xxc|||||o f|0| 0 eng|d |
| 040 | |aCaOODSP|beng |
| 043 | |an-cn--- |
| 086 | 1 |aPS38-10/2011E-PDF |
| 110 | 2 |aCanada Border Services Agency. |
| 245 | 10|aGuide for transporters : |h[electronic resource]|bobligations under the Immigration and Refugee Protection Act |
| 260 | |aOttawa - Ontario : |bCanada Border Services Agency |cUpdated: January 2012. |
| 300 | |a64p.|bfigs., references, photographs |
| 590 | |a13-10-Supp|b2013-04-13 |
| 690 | 07|aEntry to Canada|2gcpds |
| 690 | 07|aImmigration policy|2gcpds |
| 690 | 07|aInternational transport|2gcpds |
| 775 | 08|tGuide pour les transporteurs : |w(CaOODSP)9.641540 |
| 856 | 40|ahttp://publications.gc.ca|qPDF|s49499 KB|uhttps://publications.gc.ca/collections/collection_2013/asfc-cbsa/PS38-10-2011-eng.pdf |